Mario Kart - Tous les jeux - Statistiques

Statistiques générales
  • Ce quiz a été pris 126 fois
  • Le résultat moyen est 7 sur 9
Statistiques - réponses
Année Console Jeux % Correct
2014 Wii U Mario Kart 8
96%
2017 Switch Mario Kart 8 Deluxe
95%
2008 Wii Mario Kart Wii
92%
2011 3DS Mario Kart 7
91%
2005 DS Mario Kart DS
86%
1997 N64 Mario Kart 64
75%
1993 SNES Super Mario Kart
69%
2003 GameCube Double Dash!!
51%
2001 Game Boy Advance Super Circuit
24%
Aucun quiz correspondant
Distribution des résultats
% des personnes avec chaque résultat
Percentile par nombre de réponses
Votre historique - résultats
Vous n’avez pas pris ce quiz